000
00315nam a2200109Ia 4500
008
200302s9999 xx 000 0 und d
100
_a
James Steele
245
_a
Architecture and Computers Action & Reaction in the Digital Design Revolution
260
_b
Laurence King Publishing
260
_c
2001
300
_a
240 P.,
999
_c
2096
_d
2096